000 00707nab a2200229u 4500
001 23298
003 HDC
007 c| |||a|c|aaaa
008 210316b20180921my ||||| |||| 00| 0 may d
040 _aHDC
245 0 _aPromosi nanas Malaysia di China
336 _atext
_2rdacontent
337 _acomputer
_2rdamedia
338 _aonline resource
_2rdacarrier
650 _apineapple export
_917043
650 _apineapple sector
_919944
710 _aHARIAN METRO
856 _zRequest full-text at [email protected]
942 _2lcc
942 _cNEWS
942 _kNWSC 005131
999 _c20614
_d20614